| 000 | 00806cam a2200229 4500 | ||
|---|---|---|---|
| 001 | WB3606-10 | ||
| 008 | 000000n2000 000 0 eng u | ||
| 035 | _a(Sirsi) u104096 | ||
| 245 | _aRental growth slows | ||
| 260 | _c2000 | ||
| 490 |
_aRetail Week _v4 February 2000, 21(1) |
||
| 520 | _aJones Lang Lasalle's latest "50 Centres" report suggests that growth in retail rents is slowing down, although 18 cities saw record rents reached in the six months to September 1999. | ||
| 590 | _aWB | ||
| 650 | _aRETAIL RENTS | ||
| 650 | _aPROPERTY-COMMERCIAL PROPERTY-RETAIL PROPERTY-RETAIL PROPERTY MARKET | ||
| 650 | _aJONES LANG LASALLE | ||
| 650 | _a50 CENTRES | ||
| 650 | _aZONE A | ||
| 650 | _aPROPERTY MARKET REPORTS | ||
| 690 | _aPROPERTY-COMMERCIAL PROPERTY-RETAIL PROPERTY | ||
| 942 | _n0 | ||
| 999 |
_c62471 _d62471 |
||